00630nam a2200253Ia 4500008004100000020001800041050001100059050001400070100001900084245003200103245001900135260001500154260001600169260000900185300001500194300002800209300001000237650001600247650001600263650001500279650005200294700001100346999001900357170711s9999 xx 000 0 und d a9780545849371 a920.72 bN892 2015 aNorwich, Grace 4aThe real princess diaries / cGrace Norwich. aNew York : bScholastic, c2015 a95 pages : bcolored illustrations ; c23cm. aPrincess -- aPrincess -- xBiography. xSocial life and customs -- Juvenile literature. aTitle. c339977d339977